000 01100nam a2200265Ia 4500
003 OSt
005 20220923211106.0
006 a|||||r|||| 00| 0
007 ta
008 220922b |||||||| |||| 00| 0 hin d
020 _a8179170985 (hbk)
_c375
024 _a242,710
037 _b190, 11/09/2010, Eastern Book Linkers
_cTextual
040 _aARTS
_cARTS
_bhin
041 _2hin
_ahin
082 _aX:326, 152P7
100 _aहिल्टन, रोडनी, संपा.
_9158113
245 0 _aसामंतवाद से पूंजीवाद में संक्रमण
_b एक दिलचस्प और गंभीर बहस
246 _aSāhintavād se pūanjīvād mean sankramaṇa: ek dilachaspa aur ganbhīr bahasa
260 _aदिल्ली
_b ग्रंथ शिल्पी
_c2007
300 _a212पृ.
_ccm.
650 _aअर्थशास्त्र
_9158114
942 _hX:326, 152P7
_cTEXL
_2CC
999 _c295108
_d295108